[Event "Wloclawek CC Classic 14th"]
[Site "Wloclawek"]
[Date "2015.??.??"]
[Round "4"]
[White "Cichocki, Konrad"]
[Black "Krasucki, Piotr"]
[Result "1/2-1/2"]
[WhiteElo "1927"]
[BlackElo "1555"]
[PlyCount "49"]
[EventDate "2015.06.??"]
[EventType "swiss"]
[EventRounds "7"]
[EventCountry "POL"]
[SourceTitle "EXT 2021"]
[Source "ChessBase"]
[SourceDate "2020.10.23"]
[SourceVersion "1"]
[SourceVersionDate "2020.10.23"]
[SourceQuality "1"]

1. d4 d5 2. Nf3 Nf6 3. c4 c6 4. Nc3 e6 5. Bg5 h6 6. Bxf6 Qxf6 7. e3 Bd6 8. Bd3 0-0 9. 0-0 Nd7 10. Qb3 Bc7 11. Rac1 dxc4 12. Bxc4 e5 13. d5 c5 14. Rfd1 Bd6 15. Nd2 a6 16. a4 Qe7 17. e4 b6 18. Ne2 Rb8 19. Qd3 Ra8 20. Ng3 g6 21. Nf3 Kg7 22. h3 Nf6 23. Rf1 Ne8 24. Rce1 Bc7 25. Qc3 1/2-1/2

[Event "Wloclawek CC Classic 12th"]
[Site "Wloclawek"]
[Date "2015.??.??"]
[Round "7"]
[White "Krasucki, Piotr"]
[Black "Lapinski, Jerzy"]
[Result "1-0"]
[WhiteElo "2000"]
[BlackElo "1800"]
[PlyCount "47"]
[EventDate "2015.03.??"]
[EventType "swiss"]
[EventRounds "7"]
[EventCountry "POL"]
[SourceTitle "EXT 2021"]
[Source "ChessBase"]
[SourceDate "2020.10.23"]
[SourceVersion "1"]
[SourceVersionDate "2020.10.23"]
[SourceQuality "1"]

1. e4 c5 2. Nf3 d6 3. d4 cxd4 4. Nxd4 Nf6 5. Nc3 a6 6. Be2 Bd7 7. 0-0 g6 8. Be3 Nc6 9. h3 Bg7 10. f4 e5 11. Nb3 Be6 12. f5 Bxb3 13. axb3 Qc7 14. g4 0-0-0 15. Nd5 Nxd5 16. exd5 Nd4 17. f6 Bf8 18. Bxd4 exd4 19. Qxd4 Bh6 20. g5 Bf8 21. Qa7 Qb8 22. Bg4+ Kc7 23. Qd4 Re8 24. Ra4 1-0

[Event "Wloclawek CC Classic 14th"]
[Site "Wloclawek"]
[Date "2015.??.??"]
[Round "5"]
[White "Krasucki, Piotr"]
[Black "Szreder, Tomasz"]
[Result "0-1"]
[WhiteElo "1555"]
[BlackElo "1800"]
[PlyCount "110"]
[EventDate "2015.06.??"]
[EventType "swiss"]
[EventRounds "7"]
[EventCountry "POL"]
[SourceTitle "EXT 2021"]
[Source "ChessBase"]
[SourceDate "2020.10.23"]
[SourceVersion "1"]
[SourceVersionDate "2020.10.23"]
[SourceQuality "1"]

1. e4 c5 2. Nf3 Nc6 3. d4 cxd4 4. Nxd4 e6 5. Be3 Nf6 6. f3 Qa5+ 7. c3 a6 8. Be2 d5 9. exd5 Qxd5 10. 0-0 Qe5 11. Qd3 Nd5 12. Bd2 Bc5 13. Kh1 Nxd4 14. cxd4 Qxd4 15. Nc3 Qxd3 16. Bxd3 0-0 17. Nxd5 exd5 18. Rac1 Bd4 19. Bc3 Bxc3 20. Rxc3 Bd7 21. Rc7 Bc6 22. Re1 Rfe8 23. Rxe8+ Rxe8 24. Kg1 g6 25. Bxa6 Re1+ 26. Kf2 Rb1 27. b3 Rb2+ 28. Kg3 bxa6 29. Rxc6 Rxa2 30. Rd6 Ra3 31. b4 Ra4 32. Kf4 Rxb4+ 33. Ke5 Kg7 34. Rxa6 Rb2 35. g4 Rxh2 36. Kxd5 Re2 37. g5 h5 38. gxh6+ Kxh6 39. Rf6 Kg7 40. Ra6 f5 41. Kd4 Kh6 42. Kd3 Re7 43. Ra2 f4 44. Re2 Rxe2 45. Kxe2 Kh5 46. Kf2 Kg5 47. Kg2 Kf5 48. Kh3 g5 49. Kg2 Ke5 50. Kf2 Kd4 51. Ke2 Kc3 52. Ke1 Kd3 53. Kf2 Kd2 54. Kf1 Ke3 55. Kg2 Ke2 0-1

[Event "Wloclawek CC Classic 12th"]
[Site "Wloclawek"]
[Date "2015.??.??"]
[Round "2"]
[White "Krasucki, Piotr"]
[Black "Wojcik, Bartlomiej"]
[Result "0-1"]
[WhiteElo "2000"]
[BlackElo "1000"]
[PlyCount "102"]
[EventDate "2015.03.??"]
[EventType "swiss"]
[EventRounds "7"]
[EventCountry "POL"]
[SourceTitle "EXT 2021"]
[Source "ChessBase"]
[SourceDate "2020.10.23"]
[SourceVersion "1"]
[SourceVersionDate "2020.10.23"]
[SourceQuality "1"]

1. e4 c5 2. Nf3 e6 3. d4 cxd4 4. Nxd4 a6 5. c4 d6 6. Nc3 g6 7. Be3 Bg7 8. Qd2 Qc7 9. Be2 Nf6 10. Bh6 0-0 11. Bxg7 Kxg7 12. h4 e5 13. Nf5+ Bxf5 14. exf5 Nc6 15. h5 Ne7 16. hxg6 fxg6 17. fxg6 Nxg6 18. 0-0-0 Rad8 19. Nd5 Nxd5 20. Qh6+ Kg8 21. Rxd5 Rxf2 22. Rd2 Rxg2 23. Qh3 Nf4 24. Qf3 Nxe2+ 25. Rxe2 Qxc4+ 26. Kd1 Qxe2+ 27. Qxe2 Rxe2 28. Kxe2 d5 29. Rh5 Re8 30. Rh6 Kg7 31. Rd6 d4 32. Rd7+ Kg6 33. Rxb7 Re6 34. Kd3 h5 35. Ke4 h4 36. Rb8 Kh5 37. Kf5 Rg6 38. Rh8+ Rh6 39. Re8 h3 40. Rxe5 Rg6 41. Re1 h2 42. Rh1 Rg2 43. Ke4 Rxb2 44. a4 Rg2 45. Kxd4 Kg4 46. Kc5 Rb2 47. Kc4 Kg3 48. Kc3 Rf2 49. Kb4 Kg2 50. Rxh2+ Kxh2 51. Ka5 Rf6 0-1

[Event "Wloclawek-ch"]
[Site "Wloclawek"]
[Date "2014.??.??"]
[Round "6"]
[White "Krasucki, Piotr"]
[Black "Cichocka, Katarzyna"]
[Result "0-1"]
[WhiteElo "2000"]
[BlackElo "1488"]
[PlyCount "51"]
[EventDate "2014.09.??"]
[EventType "swiss"]
[EventRounds "9"]
[EventCountry "POL"]
[SourceTitle "EXT 2021"]
[Source "ChessBase"]
[SourceDate "2020.10.23"]
[SourceVersion "1"]
[SourceVersionDate "2020.10.23"]
[SourceQuality "1"]

1. e4 c5 2. Nf3 d6 3. d4 cxd4 4. Nxd4 Nf6 5. Nc3 e6 6. Be2 Be7 7. 0-0 0-0 8. Be3 a6 9. a4 Nc6 10. Nb3 Qc7 11. a5 Nd7 12. f4 Nc5 13. Nd4 Nxa5 14. b4 Nd7 15. Ncb5 axb5 16. Nxb5 Qc6 17. Qd3 b6 18. bxa5 Rxa5 19. Rxa5 bxa5 20. Ra1 Bb7 21. Bf3 Nc5 22. Bxc5 Qxc5+ 23. Kh1 Ra8 24. h3 a4 25. e5 d5 26. c4 0-1

[Event "Wloclawek-ch"]
[Site "Wloclawek"]
[Date "2014.??.??"]
[Round "4"]
[White "Krasucki, Piotr"]
[Black "Felski, Krzysztof"]
[Result "1-0"]
[WhiteElo "2000"]
[BlackElo "1800"]
[PlyCount "101"]
[EventDate "2014.09.??"]
[EventType "swiss"]
[EventRounds "9"]
[EventCountry "POL"]
[SourceTitle "EXT 2021"]
[Source "ChessBase"]
[SourceDate "2020.10.23"]
[SourceVersion "1"]
[SourceVersionDate "2020.10.23"]
[SourceQuality "1"]

1. e4 e5 2. Nf3 Nc6 3. Bc4 h6 4. 0-0 Nf6 5. d4 exd4 6. e5 d5 7. Bb5 Ne4 8. Nxd4 Bd7 9. e6 Bc5 10. exd7+ Qxd7 11. Bxc6 bxc6 12. Be3 0-0 13. Nc3 Rfe8 14. Nxe4 Rxe4 15. c3 Bd6 16. Nb3 a5 17. Nc5 Bxc5 18. Bxc5 a4 19. Re1 Qf5 20. Qd2 Rae8 21. Rxe4 Qxe4 22. Qe3 f5 23. Re1 Rb8 24. Qxe4 fxe4 25. Re2 Kf7 26. f3 Re8 27. fxe4 dxe4 28. Kf2 Kf6 29. Ke3 g5 30. Rf2+ Kg6 31. Rf8 Re6 32. Ra8 Re5 33. Bd4 Rb5 34. c4 Rf5 35. Ra6 Kh7 36. Rxc6 Rf7 37. Kxe4 Re7+ 38. Be5 Kg8 39. Rxc7 Re6 40. Kf5 Ra6 41. Bf6 Kf8 42. Kg6 Ke8 43. Re7+ Kf8 44. Rh7 Ke8 45. Rxh6 Rc6 46. b3 axb3 47. axb3 Rb6 48. Rh3 g4 49. Rd3 Rb8 50. c5 Rc8 51. c6 1-0

[Event "Wloclawek-ch"]
[Site "Wloclawek"]
[Date "2014.??.??"]
[Round "8"]
[White "Krasucki, Piotr"]
[Black "Lebiedzinski, Maciej"]
[Result "1-0"]
[WhiteElo "2000"]
[BlackElo "1486"]
[PlyCount "45"]
[EventDate "2014.09.??"]
[EventType "swiss"]
[EventRounds "9"]
[EventCountry "POL"]
[SourceTitle "EXT 2021"]
[Source "ChessBase"]
[SourceDate "2020.10.23"]
[SourceVersion "1"]
[SourceVersionDate "2020.10.23"]
[SourceQuality "1"]

1. e4 c5 2. Nf3 Nc6 3. d4 cxd4 4. Nxd4 g6 5. Nc3 Bg7 6. Be3 a6 7. Qd2 Nf6 8. f3 0-0 9. 0-0-0 Qc7 10. g4 b5 11. h4 h5 12. gxh5 Nxh5 13. Nd5 Qd8 14. Nf5 e6 15. Bb6 exf5 16. Bxd8 Rxd8 17. exf5 Kh7 18. fxg6+ fxg6 19. Kb1 Ne5 20. Qg5 Rf8 21. Bd3 Nxd3 22. Rxd3 Bb7 23. Rg1 1-0

[Event "Wloclawek-ch"]
[Site "Wloclawek"]
[Date "2014.??.??"]
[Round "9"]
[White "Milecki, Robert"]
[Black "Krasucki, Piotr"]
[Result "0-1"]
[WhiteElo "1409"]
[BlackElo "2000"]
[PlyCount "80"]
[EventDate "2014.09.??"]
[EventType "swiss"]
[EventRounds "9"]
[EventCountry "POL"]
[SourceTitle "EXT 2021"]
[Source "ChessBase"]
[SourceDate "2020.10.23"]
[SourceVersion "1"]
[SourceVersionDate "2020.10.23"]
[SourceQuality "1"]

1. e4 e6 2. d4 d5 3. Nc3 Bb4 4. e5 c5 5. a3 Bxc3+ 6. bxc3 Qc7 7. Nf3 Ne7 8. Bd3 Nbc6 9. 0-0 c4 10. Be2 Bd7 11. a4 0-0-0 12. Ng5 Rdf8 13. f4 f6 14. Nf3 fxe5 15. fxe5 h6 16. Ba3 g5 17. Qd2 Rf7 18. h3 Nf5 19. Nh2 Be8 20. Ng4 Ng3 21. Rxf7 Nxe2+ 22. Qxe2 Bxf7 23. Nf6 Bg6 24. Bd6 Qa5 25. Qd2 Nd8 26. Bb4 Qc7 27. Qc1 Nf7 28. a5 h5 29. Bc5 Kb8 30. Qb2 Nxe5 31. dxe5 Qxc5+ 32. Kh1 Qc7 33. Qb5 Rd8 34. Ra2 d4 35. cxd4 Rxd4 36. c3 Rd1+ 37. Kh2 a6 38. Qb4 Qxe5+ 39. g3 Qxf6 40. Qc5 Be4 0-1